00960nam a2200253 a 450000100060000000300080000600500170001400800390003103500190007004000270008904100080011608200310012410000270015524501160018226000510029830000270034950000540037650400300043050400200046065000570048065000530053765000480059065100680063834062BD-RjUL20211209052112.0140512s1984 bg b 001 0 eng a(BD-RjUL)34156 aDLCcDLCdBD-RjULbeng aeng00a392.12095492219bBLM 19841 aBlanchet, Thérèse.10aMeanings and rituals of birth in rural Bangladesh :bwomen, pollution, and marginality /cThérèse Blanchet. aDhaka, Bangladesh :bUniversity Press,cc1984. aviii, 163 p. ;c22 cm. aRunning title: Women, pollution, and marginality. aBibliography: p. 157-160. aIncludes index. 0aBirth customszBangladeshzJamālpur (Subdivision). 0aChildbirthzBangladeshzJamālpur (Subdivision) 0aWomenzBangladeshzJamālpur (Subdivision) 0aJamālpur (Bangladesh : Subdivision)xSocial life and customs.